000 00352nam a2200157Ia 4500
005 20250425160856.0
008 250425s9999 xx 000 0 und d
041 _aeng
082 _a666
245 0 _aCERAMICS FORN THE ARCHAEOLOGIST
250 _aS.E.
260 _aEstados Unidos
_bS.E.
_c1980
260 _aS.L.
942 _c01
010 _a7391
999 _c197975
_d197975